000 003450000a22001450004500
003 MACL
040 _aMACL
090 _c31424
_d31422
100 _aSasikumar, M
245 _aIntroduction to Parallel Processing
260 _bPrentice Hall of India Private Ltd
_c2000
350 _a150
650 _aComputer Science
942 _cBOOK
_k004.3/SAS
999 _c31109
_d31109